000 00988nam0a22002411 4500
001 rc\405215
005 20250621073637.0
035 _a(NLR Aleph) 005653653
090 _a6798741
_c6798741
100 _a20030616d1989 |||y0rusy50 ca
101 0 _arus
102 _aRU
105 _aa |||||||||
200 1 _aВопросы повышения эффективности информационно-измерительных систем
_eТемат. сб. науч. тр.
_fГос. ком. СССР по нар. образованию, Моск. авиац. ин-т им. Серго Орджоникидзе
_g[Редкол.: д. т. н. проф. Е.И. Кринецкий (пред.) и др.]
210 _aМ.
_cИзд-во МАИ
_d1989
215 _a79 с.
_cил.
_d20
320 _aБиблиогр. в конце ст.
333 _aДСП. Экз. № 00005
801 0 _aRU
_bNLR
_gpsbo
801 1 _aRU
_bELAR
_2rusmarc
852 _aNLR
_j90-50К/2616
942 _cBOOK
980 _aNB